Southville International School and Colleges
Your cart is empty.
  • Cart
  • Lists
    Public lists Eva Luna New books Lux_list list_1
    Your lists Log in to create your own lists
  • Log in to your account
  • Your cookies
  • Search history
Southville International School and Colleges
  • Advanced search
  • Recent comments
  • Most popular
  • Libraries

Log in to your account

Log in with GOOGLE


If you do not have an external account, but do have a local account, you can still log in:

  1. Home
  2. MARC view: How to Retire Early and Live Well :
Normal view MARC view ISBD view

How to Retire Early and Live Well : (Record no. 6578)

[ view plain ]
MARC details
000 -LEADER
fixed length control field 00574nam a22001937a 4500
003 - CONTROL NUMBER IDENTIFIER
control field OSt
005 - DATE AND TIME OF LATEST TRANSACTION
control field 20140310181912.0
008 - FIXED-LENGTH DATA ELEMENTS--GENERAL INFORMATION
fixed length control field 130713t xxu||||| |||| 00| 0 eng d
020 ## - INTERNATIONAL STANDARD BOOK NUMBER
International Standard Book Number 1580622011
050 ## - LIBRARY OF CONGRESS CALL NUMBER
Classification number HG 179
Item number .Ed24 2000
082 ## - DEWEY DECIMAL CLASSIFICATION NUMBER
Classification number TR 332.024
Item number E24 2000
245 ## - TITLE STATEMENT
Title How to Retire Early and Live Well :
Remainder of title with less than a million dollars /
Statement of responsibility, etc Gillette Edmunds
260 ## - PUBLICATION, DISTRIBUTION, ETC. (IMPRINT)
Place of publication, distribution, etc 57 Littlefield Street, Avon, MA 02322. USA :
Name of publisher, distributor, etc Adams Media,
Date of publication, distribution, etc c2000.
300 ## - PHYSICAL DESCRIPTION
Extent 264 p.
Dimensions 22 cm.
521 ## - TARGET AUDIENCE NOTE
Target audience note
541 ## - IMMEDIATE SOURCE OF ACQUISITION NOTE
-- 1
562 ## - COPY AND VERSION IDENTIFICATION NOTE
Number of copies 1
942 ## - ADDED ENTRY ELEMENTS (KOHA)
Source of classification or shelving scheme Library of Congress Classification
Koha item type
Call number prefix
Holdings
Withdrawn status Lost status Source of classification or shelving scheme Damaged status Home library Current library Shelving location Date acquired Total Checkouts Full call number Barcode Date last seen Copy number Price effective from Koha item type
    Library of Congress Classification   Luxembourg Library Luxembourg Library Teachers Reference Section 07/13/2013   HG 179 .Ed24 2000 19495 08/13/2013 1 07/13/2013 Books

How to Retire Early and Live Well :

APA

(2000). How to Retire Early and Live Well. 57 Littlefield Street, Avon, MA 02322. USA: Adams Media.

Chicago

2000. How to Retire Early and Live Well. 57 Littlefield Street, Avon, MA 02322. USA: Adams Media.

Harvard

(2000). How to Retire Early and Live Well. 57 Littlefield Street, Avon, MA 02322. USA: Adams Media.

MLA

How to Retire Early and Live Well. 57 Littlefield Street, Avon, MA 02322. USA: Adams Media. 2000.

  • Place hold
  • Print
  • Cite
  • Add to your cart (remove)
  • Save record
    BIBTEX Dublin Core MARCXML MARC (non-Unicode/MARC-8) MARC (Unicode/UTF-8) MARC (Unicode/UTF-8, Standard) MODS (XML) RIS
  • More searches
    Search for this title in:
    Other Libraries (WorldCat) Other Databases (Google Scholar) Online Stores (Bookfinder.com) Open Library (openlibrary.org)

Exporting to Dublin Core...

SOUTHVILLE LIBRARY

Southville International School and Colleges Library

1281 Tropical Ave. Cor. Luxembourg St., BF Homes International, Las Pinas City

Tel. No. 8256374 / 252358 Loc. 117/146

Powered by Koha